000 00615nam a2200265Ia 4500
005 20260121161400.0
008 008 260114s9999 xx 000 0 eng d
020 _a9780203468012
037 _aEBOOK
040 _aCRL
040 _beng
040 _cCRL
041 _2eng
041 _aeng
084 _qCRL
100 _aHope and Education
_91043885
245 0 _aDavid Halpin
260 _bTaylor and Francis
260 _c2003
650 _aHistory
_91043886
856 _uhttp://www.taylorfrancis.com/books/9780203468012
942 _cEBOOK
999 _c1610348
_d1610348